Electronic principles (Record no. 66240)

000 -LEADER
fixed length control field 00454nam a22001817a 4500
003 - CONTROL NUMBER IDENTIFIER
control field NUST - PNEC
005 - DATE AND TIME OF LATEST TRANSACTION
control field 20170116180944.0
008 - FIXED-LENGTH DATA ELEMENTS--GENERAL INFORMATION
fixed length control field 150907b xxu||||| |||| 00| 0 eng d
020 ## - INTERNATIONAL STANDARD BOOK NUMBER
International Standard Book Number 9780070634244
020 ## - INTERNATIONAL STANDARD BOOK NUMBER
International Standard Book Number 0070634246
040 ## - CATALOGING SOURCE
Transcribing agency LIBRARY
082 ## - DEWEY DECIMAL CLASSIFICATION NUMBER
Classification number 621.381 MAL
100 ## - MAIN ENTRY--PERSONAL NAME
9 (RLIN) 11749
Personal name Malvino, Albert
245 ## - TITLE STATEMENT
Title Electronic principles
Statement of responsibility, etc. Albert Paul Malvino
250 ## - EDITION STATEMENT
Edition statement 7th ed.
650 ## - SUBJECT ADDED ENTRY--TOPICAL TERM
9 (RLIN) 8744
Topical term or geographic name entry element Electronics
General subdivision EL
942 ## - ADDED ENTRY ELEMENTS (KOHA)
Source of classification or shelving scheme
Koha item type Book
Holdings
Withdrawn status Lost status Source of classification or shelving scheme Damaged status Not for loan Permanent Location Current Location Shelving location Date acquired Total Checkouts Full call number Barcode Date last seen Price effective from Koha item type Date last checked out
          Pakistan Navy Engineering College (PNEC) Pakistan Navy Engineering College (PNEC)       621.381 MAL PNECLIB-030415 09/15/2015   Book  
          Pakistan Navy Engineering College (PNEC) Pakistan Navy Engineering College (PNEC)       621.381 MAL PNECLIB-029337 09/19/2015   Book  
          Pakistan Navy Engineering College (PNEC) Pakistan Navy Engineering College (PNEC)       621.381 MAL PNECLIB-030416 09/19/2015   Book  
          Pakistan Navy Engineering College (PNEC) Pakistan Navy Engineering College (PNEC)       621.381 MAL PNECLIB-031386 09/28/2015   Book  
          Pakistan Navy Engineering College (PNEC) Pakistan Navy Engineering College (PNEC)   10/28/2015   621.381 MAL PNECLIB-030414 10/28/2015   Book  
          Pakistan Navy Engineering College (PNEC) Pakistan Navy Engineering College (PNEC)   01/15/2016 1 621.381 MAL PNECLIB-030413 01/26/2016   Book 01/15/2016
© 2023 Central Library, National University of Sciences and Technology. All Rights Reserved.